|
|
|
|
| LEADER |
00000cam a22000004a 4500 |
| 001 |
musev2_99657 |
| 003 |
MdBmJHUP |
| 005 |
20230905053439.0 |
| 006 |
m o d |
| 007 |
cr||||||||nn|n |
| 008 |
210902t20222022azu o 00 0 eng d |
| 010 |
|
|
|z 2021038742
|
| 020 |
|
|
|a 9780816545216
|
| 020 |
|
|
|z 9780816541683
|
| 020 |
|
|
|z 9780816541676
|
| 035 |
|
|
|a (OCoLC)1296533405
|
| 040 |
|
|
|a MdBmJHUP
|c MdBmJHUP
|
| 100 |
1 |
|
|a Bennett, Cheryl Redhorse,
|d 1978-
|e author.
|
| 245 |
1 |
0 |
|a Our Fight Has Just Begun :
|b Hate Crimes and Justice in Native America /
|c Cheryl Redhorse Bennett.
|
| 264 |
|
1 |
|a Tucson :
|b University of Arizona Press,
|c 2022.
|
| 264 |
|
3 |
|a Baltimore, Md. :
|b Project MUSE,
|c 2022
|
| 264 |
|
4 |
|c ©2022.
|
| 300 |
|
|
|a 1 online resource:
|b illustrations ;
|
| 336 |
|
|
|a text
|b txt
|2 rdacontent
|
| 337 |
|
|
|a computer
|b c
|2 rdamedia
|
| 338 |
|
|
|a online resource
|b cr
|2 rdacarrier
|
| 520 |
|
|
|a "This book provides a compelling history, documentation and analysis of hate crimes committed against Navajos and Native Americans in the Four Corners"--
|c Provided by publisher.
|
| 588 |
|
|
|a Description based on print version record.
|
| 650 |
|
7 |
|a Racism.
|2 fast
|0 (OCoLC)fst01086616
|
| 650 |
|
7 |
|a Race relations.
|2 fast
|0 (OCoLC)fst01086509
|
| 650 |
|
7 |
|a Hate crimes.
|2 fast
|0 (OCoLC)fst00951873
|
| 650 |
|
0 |
|a Racism
|z Four Corners Region.
|
| 650 |
|
0 |
|a Hate crimes
|z Four Corners Region.
|
| 650 |
|
0 |
|a Navajo Indians
|x Crimes against
|z Four Corners Region.
|
| 651 |
|
7 |
|a United States
|z Four Corners Region.
|2 fast
|0 (OCoLC)fst01239650
|
| 651 |
|
0 |
|a Four Corners Region
|x Race relations.
|
| 655 |
|
7 |
|a Electronic books.
|2 local
|
| 710 |
2 |
|
|a Project Muse.
|e distributor
|
| 830 |
|
0 |
|a Book collections on Project MUSE.
|
| 856 |
4 |
0 |
|z Texto completo
|u https://projectmuse.uam.elogim.com/book/99657/
|
| 945 |
|
|
|a Project MUSE - Custom Collection
|
| 945 |
|
|
|a Project MUSE - 2022 Native American and Indigenous Studies
|
| 945 |
|
|
|a Project MUSE - 2022 Political Science and Policy Studies
|
| 945 |
|
|
|a Project MUSE - 2022 Complete
|